| 000 | 01152nam a2200313 4500 | ||
|---|---|---|---|
| 003 | EG-GICUC | ||
| 005 | 20260122084618.0 | ||
| 008 | 251119s1995 ua ||||f |||| 00| 0 ara d | ||
| 017 | _a1995/9955 | ||
| 020 | _a977-04-1529-4 | ||
| 040 |
_a EG-GICUC _bara _c EG-GICUC _d EG-GICUC _erda |
||
| 041 | _aara | ||
| 082 | 0 | 4 |
_221 _a345 _bع ب . ن |
| 092 | 0 | 4 | _221 |
| 099 | _aLaw1 07 345 ع ب . ن 1995 | ||
| 100 | 0 |
_aعبد الرءوف هاشم بسيوني _eمؤلف. |
|
| 245 | 0 | 0 |
_aنظرية الضبط الإداري في النظم الوضعية المعاصرة و الشريعة الإسلامية / _cدكتور عبد الرءوف هاشم بسيوني . |
| 264 |
_aالقاهرة : _bدار النهضة العربية , _c1995. |
||
| 300 |
_a261؛ صفحة _c24 سم |
||
| 336 |
_2rda content _atext |
||
| 337 |
_2rda media _aComputer |
||
| 338 |
_2rda carrier _aOnline Resource |
||
| 504 | _a. 357-246ببليوجرافيا: صفحات. | ||
| 650 | 1 |
_aالقانون الإداري _2qrmak |
|
| 651 | 1 | _2qrmak | |
| 856 | 4 | 0 | _uhttps://fll.law.cu.edu.eg/fulltext/bks/B07-01055.pdf |
| 905 |
_a74 _eYara |
||
| 942 |
_2ddc _n0 _cBK _e21 |
||
| 999 |
_c44893 _d44893 |
||